El estado ateniense como modelo clásico de la democracia.
Zapisane w:
| 1. autor: | |
|---|---|
| Format: | Książka |
| Wydane: |
Madrid, España:
Asamblea de Madrid,
1993.
|
| Hasła przedmiotowe: | |
| Etykiety: |
Dodaj etykietę
Nie ma etykietki, Dołącz pierwszą etykiete!
|
MARC
| LEADER | 00000nam a22000007a 4500 | ||
|---|---|---|---|
| 003 | CL-VaPUC | ||
| 005 | 20220822114535.0 | ||
| 008 | 220701t1993 ||||| |||| 00| 0 eng d | ||
| 999 | |c 436595 |d 436593 | ||
| 020 | |a 84-87373-04-6 | ||
| 040 | |c Pontificia Universidad Católica de Valparaíso | ||
| 082 | 7 | |a 321.80938 MAC 1993 |2 22 | |
| 100 | 1 | |a Macía Aparicio, Luis M. |e autor |9 871945 | |
| 245 | |a El estado ateniense como modelo clásico de la democracia. | ||
| 260 | |a Madrid, España: |b Asamblea de Madrid, |c 1993. | ||
| 300 | |a 300 páginas. | ||
| 500 | |a c.1 Donación Familia Prof. Alejandro Guzmán Brito. | ||
| 583 | |c 20220701 |k Catalogador Asistente | ||
| 650 | |a Democracia |z Grecia |z Atenas |x Historia |9 872038 | ||
| 650 | |a Democracia |9 255256 | ||
| 942 | |2 ddc |c BK |n 0 | ||
| 952 | |0 0 |1 0 |2 ddc |4 0 |6 321_809380000000000_MAC_1993 |7 0 |8 C_AGB |9 584269 |a BIBDER |b BIBDER |d 2022-07-01 |e Donación |i 5652430 |o 321.80938 MAC 1993 |p 5652430 |r 2023-01-25 |t 1 |w 2022-07-01 |y BK_US |k AGB | ||